[Event "POR-chT"]
[Site "Caldas da Rainha"]
[Date "2014.08.19"]
[Round "4.5"]
[White "Ulyanovskyy, Viktor"]
[Black "Fanha, Paulo Alexandre Mar"]
[Result "1-0"]
[WhiteElo "2280"]
[BlackElo "1928"]
[PlyCount "151"]
[EventDate "2014.08.17"]
[EventType "team-tourn"]
[EventRounds "9"]
[EventCountry "POR"]
[SourceTitle "CBM 161 Extra"]
[Source "ChessBase"]
[SourceDate "2014.08.29"]
[SourceVersion "1"]
[SourceVersionDate "2014.08.29"]
[SourceQuality "1"]
[WhiteTeam "Barreirense"]
[BlackTeam "EDP"]
[WhiteTeamCountry "POR"]
[BlackTeamCountry "POR"]

1. e4 b6 2. d4 Bb7 3. f3 e6 4. Be3 d5 5. exd5 Qxd5 6. Nc3 Bb4 7. Nge2 Qd7 8. a3 Be7 9. Qd2 Nc6 10. 0-0-0 0-0-0 11. Nf4 e5 12. dxe5 Qxd2+ 13. Rxd2 Rxd2 14. Kxd2 Nxe5 15. Nh5 g6 16. Bd4 f6 17. Bxe5 fxe5 18. Ng3 Bg5+ 19. Kd1 Nf6 20. Bd3 Nd5 21. Nxd5 Bxd5 22. Ke2 Bh4 23. Rd1 Bb7 24. Ke3 Bg5+ 25. Kf2 Bh4 26. Kg1 Rf8 27. Nf1 a5 28. Nd2 Bg5 29. Nc4 Bf6 30. Re1 Re8 31. b3 Bd5 32. Ne3 Bc6 33. Ng4 Bg7 34. a4 Re7 35. Be4 Bd7 36. Nf2 Kd8 37. Rd1 Ke8 38. Kf1 Bh6 39. Ke2 Kf8 40. c3 Kg7 41. Bc2 Bg5 42. b4 Bc6 43. b5 Bd7 44. Bb3 Be8 45. Ne4 Bf6 46. g4 h6 47. Bd5 Rd7 48. c4 Be7 49. Nd2 Bb4 50. Ne4 Be7 51. Rc1 Bf7 52. Bxf7 Kxf7 53. Rd1 Rxd1 54. Kxd1 Ke6 55. Ke2 Bb4 56. Kd3 Be7 57. Nd2 Bc5 58. Ke4 Bg1 59. h3 Bc5 60. Nb3 Bf2 61. Nc1 Bc5 62. Nd3 Bd6 63. h4 g5 64. h5 Bc5 65. Nxe5 Bd6 66. Nd3 Bh2 67. c5 Bg1 68. c6 Bh2 69. Ne1 Bg3 70. Nc2 Kd6 71. Nd4 Kc5 72. Nf5 Kb4 73. Nxh6 Be1 74. Nf7 Bc3 75. Ne5 Kxa4 76. h6 1-0

[Event "POR-CupT 1/8-1/4 final"]
[Site "Santo Tirso/Lisbon"]
[Date "2014.05.24"]
[Round "4.2"]
[White "Santos, Hugo Lima"]
[Black "Ulyanovskyy, Viktor"]
[Result "0-1"]
[WhiteElo "2244"]
[BlackElo "2269"]
[PlyCount "164"]
[EventDate "2014.05.24"]
[EventType "team-k.o."]
[EventRounds "5"]
[EventCountry "POR"]
[SourceTitle "EXT 2015"]
[Source "ChessBase"]
[SourceDate "2014.11.20"]
[SourceVersion "1"]
[SourceVersionDate "2014.11.20"]
[SourceQuality "1"]
[WhiteTeam "Clube TAP"]
[BlackTeam "Barreirense"]
[WhiteTeamCountry "POR"]
[BlackTeamCountry "POR"]

1. e4 e5 2. Nf3 Nf6 3. Nxe5 d6 4. Nf3 Nxe4 5. Nc3 Nxc3 6. dxc3 Be7 7. Be3 Nc6 8. Qd2 0-0 9. 0-0-0 Be6 10. Kb1 Qc8 11. h4 Bg4 12. h5 Bf6 13. Rc1 a6 14. Ng5 Bxg5 15. Bxg5 f6 16. Be3 Qe8 17. f3 Be6 18. b3 Ne5 19. Be2 Qc6 20. Rcf1 Rae8 21. Bd4 Re7 22. h6 g6 23. f4 Ng4 24. Qd1 Qd7 25. Rh4 f5 26. Bxg4 fxg4 27. c4 c5 28. Bb2 d5 29. cxd5 Qxd5 30. Qxd5 Bxd5 31. Rxg4 Re2 32. Rg5 Bxg2 33. Rg1 Be4 34. Rxc5 Rxf4 35. Rd1 Bc6 36. Bg7 Kf7 37. Rd8 Re8 38. Rd2 Rf5 39. Rc3 g5 40. Rg3 Re6 41. Rd4 Re4 42. Rd6 Re6 43. Rd1 Re2 44. Rdg1 Kg6 45. Rc3 Ref2 46. a4 Rf1+ 47. Rxf1 Rxf1+ 48. Kb2 g4 49. Re3 Rf3 50. Re7 Rf5 51. Bd4 Kxh6 52. Re6+ Kh5 53. Be3 g3 54. Rh6+ Kg4 55. Rxh7 Kf3 56. Bb6 g2 57. Rg7 Ke2 58. c4 Bf3 59. b4 Rf6 60. a5 Kf1 61. Ba7 Rf4 62. Kc3 Be2 63. Bd4 Rf3+ 64. Kc2 Bxc4 65. Bc5 Bd5 66. Kd2 Rf2+ 67. Kd1 Bf3+ 68. Kc1 g1Q 69. Rxg1+ Kxg1 70. b5 axb5 71. Kb1 b4 72. Bxb4 Re2 73. Kc1 Kg2 74. Kb1 Kg3 75. Bd6+ Kg4 76. Kc1 Kf5 77. Kb1 Ke4 78. Kc1 Kd5 79. Bb4 Kc4 80. Bd2 Rxd2 81. Kxd2 Kb5 82. a6 Kxa6 0-1

[Event "POR-chT"]
[Site "Porto"]
[Date "2013.08.18"]
[Round "2.4"]
[White "Guerreiro, Nuno M"]
[Black "Ulyanovskyy, Viktor"]
[Result "0-1"]
[WhiteElo "2153"]
[BlackElo "2266"]
[PlyCount "91"]
[EventDate "2013.08.18"]
[EventType "team-tourn"]
[EventRounds "9"]
[EventCountry "POR"]
[SourceTitle "CBM 156 Extra"]
[Source "ChessBase"]
[SourceDate "2013.10.22"]
[SourceVersion "1"]
[SourceVersionDate "2013.10.22"]
[SourceQuality "1"]
[WhiteTeam "Mata de Benfica"]
[BlackTeam "Barreirense"]
[WhiteTeamCountry "POR"]
[BlackTeamCountry "POR"]

1. Nf3 d5 2. g3 g6 3. Bg2 Bg7 4. c4 c6 5. cxd5 cxd5 6. d4 Nc6 7. 0-0 Qb6 8. Nc3 Nf6 9. Bg5 e6 10. a3 a5 11. Rb1 0-0 12. Ne5 Nd7 13. Nxc6 bxc6 14. Be3 Ba6 15. b3 Qc7 16. Qc2 Qd6 17. Na4 Bb5 18. Nc3 Rfc8 19. Rfc1 Ba6 20. Na4 Qxa3 21. b4 axb4 22. Ra1 b3 23. Qd2 Qf8 24. Nb2 Bb5 25. Qc3 Rxa1 26. Rxa1 c5 27. Qxb3 Bxe2 28. Ra7 cxd4 29. Rxd7 dxe3 30. Qxe3 Bb5 31. Rb7 Rb8 32. Qb6 Rxb7 33. Qxb7 Be2 34. Na4 Qa3 35. Qb8+ Bf8 36. Qb2 Qxb2 37. Nxb2 Bg7 38. Na4 Bc4 39. Bf1 Bxf1 40. Kxf1 e5 41. Ke2 Kf8 42. Kd3 Ke7 43. f4 f6 44. g4 g5 45. f5 Kd6 46. Kc2 0-1